000 01051nam a2200373 a 4500
001 200466901
003 TR-AnTOB
005 20260114094119.0
007 t
008 070404s1993$$$$tu#a###$r01###$$$$#tur u
020 _a9754042500
040 _btur
_erda
_cTR-AnTOB
041 0 _atur
044 _ctu
049 _a
050 0 0 _aWV100.4
090 0 0 _aWV100.4
_b.Şe59 1993 k.2
100 1 _aŞenocak, Fikri.
245 1 0 _aKulak burun boğaz’da semptom ve sendromlar
_cFikri Şenocak.
250 _a[2. bs.]
264 1 _aİstanbul :
_b[ İ.Ü.Cerrahpaşa Tıp Fak.],
_c1993.
300 _aXXXVIII, 749 s. :
_bres.
336 _ametin
_btxt
_2rdacontent
337 _aaracısız
_bn
_2rdamedia
338 _acilt
_bnc
_2rdacarrier
490 1 _aFakülte Yayın no ;
_v172
490 1 _aÜniversite Yayın no ;
_v3673.
650 0 _aKulak-Burun-Boğaz Hastalıkları
830 1 _aFakülte Yayın no ;
_v172
830 1 _aÜniversite Yayın no ;
_v3673.
902 _a0026545
942 _2lcc
_cBK
999 _c200466901
_d85113